All-Star Team Mondiali 2018 - Statistics

Statistiche generali
  • Questo quiz è stato fatto 98 volte
  • Il punteggio medio è 8 su 11
Statistiche sulle risposte
Ruolo Nazione Calciatore % Corretto
Centrocampista Croazia Luka Modrić
96%
Attaccante Francia Kylian Mbappé
95%
Attaccante Inghilterra Harry Kane
94%
Portiere Belgio Thibaut Courtois
94%
Centrocampista Belgio Kevin De Bruyne
89%
Attaccante Belgio Eden Hazard
82%
Centrocampista Francia N'Golo Kanté
76%
Difensore Francia Raphaël Varane
72%
Difensore Francia Benjamin Pavard
70%
Difensore Croazia Dejan Lovren
42%
Difensore Inghilterra Kieran Trippier
37%
Nessun quiz corrispondente trovato
Distribuzione punteggi
Percentuale di utenti per punteggio
Percentile per numero di risposta
I tuoi punteggi nel tempo
Non hai fatto questo quiz